Les joueurs anciens de football - Statistiques

Statistiques générales
  • Ce quiz a été pris 414 fois
  • Le résultat moyen est 93 sur 178
Statistiques - réponses
Par images Réponse % Correct
Gianluigi Buffon
94%
Philipp Lahm
91%
Ronaldinho
90%
Thierry Henry
84%
Abedi Pelé
83%
Yaya Touré
83%
Didier Deschamps
82%
Pelé
82%
Diego Maradona
81%
Johan Cruyff
79%
Roberto Baggio
79%
Ronaldo Nazario
79%
Carles Puyol
78%
Eden Hazard
78%
Kaka
78%
Luis Figo
78%
Gareth Bale
77%
Zinedine Zidane
77%
Didier Drogba
76%
Mesut Ozil
76%
Michel Platini
76%
Paulo Maldini
76%
Ruud Gullit
76%
David Beckham
75%
Roberto Carlos
75%
Emmanuel Petit
73%
Eric Cantona
73%
Giorgio Chiellini
73%
Robin van Persie
73%
Xavi Hernandez
73%
Fabien Barthez
72%
Frank Lampard
72%
Iker Casillas
72%
Jean-Pierre Papin
72%
Marcel Desailly
72%
David Trezeguet
71%
Andrea Pirlo
70%
Edwin Van der Sar
70%
Eusebio
69%
Michael Essien
69%
Patrick Viera
69%
Peter Schmeichel
69%
David Silva
68%
Ferenc Puskas
68%
Francesco Totti
68%
Steven Gerrard
68%
Bixente Lizarazu
67%
Juninho
67%
Laurent Blanc
67%
Oliver Kahn
67%
Xabi Alonso
67%
David Villa
66%
Fernando Torres
66%
Rio Ferdinand
66%
Rivaldo
66%
Vincent Kompany
66%
Zlatan Ibrahimovic
66%
Alessandro Del Piero
65%
Javier Zanetti
65%
Pavel Nedved
65%
Franz Beckenbauer
64%
Sergio Aguero
64%
Carlos Tevez
63%
Claude Makélélé
63%
Diego Forlan
63%
Gennaro Gattuso
63%
Gerd Muller
63%
Bastian Schweinsteiger
62%
Miroslav Klose
62%
Diego Godin
61%
Nelson Dida
61%
Cafu
60%
Dennis Bergkamp
60%
George Best
60%
Lev Yashin
60%
Lilian Thuram
60%
Paul Scholes
60%
Socrates
60%
Daniele De Rossi
59%
Franco Baresi
59%
Ashley Cole
58%
Clarence Seedorf
57%
Patrick Kluivert
57%
Wesley Sneijder
57%
Robert Pirès
56%
Sol Campbell
56%
Alessandro Nesta
55%
David Ginola
55%
Edgar Davids
55%
Garrincha
55%
Marco van Basten
55%
Petr Cech
55%
Jay-Jay Okocha
54%
Raul Gonzalez
53%
Ryan Giggs
53%
Frank Rijkaard
52%
Sidney Govou
52%
Nemanja Vidic
51%
Robbie Keane
51%
Roy Keane
51%
Ruud van Nistelrooy
51%
Zico
51%
Peter Crouch
50%
Ronald Koeman
50%
Bobby Charlton
48%
Dimitar Berbatov
48%
Gheorghe Hagi
48%
Michael Ballack
48%
Andry Shevchenko
47%
Hristo Stoichkov
47%
Juan Roman Riquelme
47%
Fernando Hierro
46%
Juan Sebastian Veron
45%
Marius Trésor
45%
Rudi Voller
45%
Claudio Marchisio
44%
Henrik Larsson
44%
Park Ji-Sung
44%
Alan Shearer
43%
Davor Suker
43%
Fabio Cannavaro
43%
Rui Costa
43%
Andrea Barzagli
42%
Luis Hernandez
42%
Ole Gunnar Solskjaer
42%
Hernan Crespo
41%
Jairzinho
41%
Gianluca Zambrotta
40%
Hidetoshi Nakata
40%
Thiago Motta
39%
Antonio Di Natale
38%
Bobby Moore
38%
Diego Milito
38%
Ramires
38%
Dirk Kuyt
36%
Gary Neville
36%
Ian Rush
36%
Lothar Matthaus
36%
Ricardo Carvalho
36%
Roger Milla
36%
Hugo Sanchez
34%
Landon Donovan
34%
Ludovic Giuly
34%
Raymond Kopa
34%
Carlos Alberto
33%
Gianfranco Zola
33%
Ian Wright
33%
Jerzy Dudek
32%
Just Fontaine
31%
Rafael Marquez
31%
Tomas Rosicky
31%
Emilio Butragueno
29%
Jari Litmanen
28%
Tim Cahill
28%
Fernando Morientes
27%
Lucio
27%
Christian Vieri
26%
Freddie Ljungberg
25%
David Seaman
24%
Gary Lineker
22%
Kenny Dalglish
22%
Ivan Cordoba
21%
Jorge Campos
21%
Tomas Brolin
20%
John Arne Riise
19%
Nwankwo Kanu
18%
John Barnes
17%
Sami Al-Jaber
15%
Steve McManaman
14%
Gianluca Vialli
13%
Jurgen Kolher
12%
Ledley King
12%
Enzo Francescoli
11%
Joan Capdevilla
11%
Lars Ricken
10%
Maxwell
8%
Harry Kewell
7%
Paulo Futre
7%
Aucun quiz correspondant
Distribution des résultats
% des personnes avec chaque résultat
Percentile par nombre de réponses
Votre historique - résultats
Vous n’avez pas pris ce quiz